Normal view
MARC view
- Chief ministers - Kerala
Entry Topical Term
001 - CONTROL NUMBER
- control field: 7831
003 - CONTROL NUMBER IDENTIFIER
- control field: OSt
005 - DATE AND TIME OF LATEST TRANSACTION
- control field: 20250903133100.0
008 - FIXED-LENGTH DATA ELEMENTS
- fixed length control field: 250903|| aca||aabn | a|a d
040 ## - CATALOGING SOURCE
- Original cataloging agency: OSt
- Transcribing agency: OSt
150 ## - HEADING--TOPICAL TERM
- Topical term or geographic name as entry element: Chief ministers - Kerala
670 ## - SOURCE DATA FOUND
- Source citation: Work cat.: (OSt)19514: Narayanan, J. C 7830, Keralathile mukhyamanthrimar: E.M.S. muthal Pinarayi vare /, 2020.
